000
00333nam a22001577a 4500
003
SGT
020
_a
818974747-9
082
_a
616.07
_b
TAI
100
_a
TAILANG, DR. MUKUL
245
_a
PHYTOCHEMISTRY
250
_a
2ND
260
_a
INDIA
_b
BIRLA PUB.
_c
2025
300
_a
250
650
_a
PHYTOCHEMISTRY
942
_2
ddc
_c
BK
999
_c
32981
_d
32981